000 00362 a2200157 4500
001 158904
020 _a
040 _cMagnum
100 _aBurns, Edward Mcnall
240 1 0 _aHistoria da civilizacao ocidental v.1
_lpor
245 1 0 _aHistoria da civilizacao ocidental v.1
362 0 _a1899
440 1 _aGlobo
697 _aMAGNITO: COLECAO
942 _cBK
999 _c158904
_d158904